Practical handbook of biochemistry and molecular biology /
Guardado en:
| Otros Autores: | |
|---|---|
| Formato: | Libro |
| Idioma: | English |
| Publicado: |
Boca Raton, Fla. :
CRC Press,
c1989.
|
| Etiquetas: |
Agregar Etiqueta
Sin Etiquetas, Sea el primero en etiquetar este registro!
|
| LEADER | 00753nam a22001935a 4500 | ||
|---|---|---|---|
| 001 | EEA.libagro002749 | ||
| 005 | 20160928100416.0 | ||
| 008 | 130809s1989####xxua##########000#0#eng#d | ||
| 020 | |a 0849337054 | ||
| 082 | 0 | 4 | |a 574.192 |
| 082 | 0 | 4 | |a 574.88 |
| 245 | 0 | 0 | |a Practical handbook of biochemistry and molecular biology / |c edited by Gerald D. Fasman. |
| 260 | |a Boca Raton, Fla. : |b CRC Press, |c c1989. | ||
| 300 | |a 601 p. : |b il. ; |c 26 cm. | ||
| 500 | |a Includes selections from Handbook of biochemistry and molecular biology. Cleveland : CRC Press, c1975-1977. | ||
| 700 | 1 | |a Fasman, Gerald D. | |
| 730 | 0 | |a Handbook of biochemistry and molecular biology. | |
| 740 | 0 | |a Biochemistry and molecular biology. | |
| 859 | |a AR-BbBCA |b BIB. AGRONOMIA |h 574.192 |i P895 |p C1994/0346 | ||
